000 00422nam a2200157 4500
001 127062
003 ES-MaACL
005 20230906192933.0
007 t|
008 070214s1917 mx r ||||1| spa d
100 1 _aReyes, Alfonso,
_d1889-1959
_996554
245 1 0 _aCartones de Madrid
_b: (1914-1917) /
_cAlfonso Reyes.
260 _aMéxico :
_b[s.n.],
_c1917.
852 _aES-MaACL
_j1549-F-11
999 _c127062
_d127062